عرض عادي عرض مارك
  • Animal behavior

مدخل مصطلح موضوعي

عدد التسجيلات المستخدمة في: 2

001 - رقم الضبط

  • حقل الضبط: 41032

003 - معرف رقم الضبط

  • حقل الضبط: OSt

005 - تاريخ ووقت أخر عملية

  • حقل الضبط: 20131213194040.0

008 - عناصر بيانات ثابتة الطول

  • حقل تحكم ثابت الطول: 131213|||a|||||| | ||| d

040 ## - مصدر الفهرسة

  • هيئة الفهرسة الأصلية: OSt
  • وكالة الكتابة: OSt

150 ## - مدخل-- مصطلح تاريخي

  • عنصر مدخل المصطلح الموضوعي او الاسم الجغرافي: Animal behavior
  • تفريع عام: Mathematical models.

670 ## - بيانات المصدر موجوده

  • الاستشهاد بالمصدر: Work cat.: (OSt)0: Clark, Colin Whitcomb, 1931- 41031, Dynamic state variable models in ecology :, 2000.